000 00440pab a2200157 454500
008 180718b2014 xxu||||| |||| 00| 0 eng d
100 _aPatnaik, Utsa
245 _aIndia in the world economy 1900 to 1935: The inter-war depression and Britain's demise as world capitalist leader
260 _c2014
300 _ap.13-35.
362 _aJan-Feb
650 _aCapitalism
773 _aSocial Scientist
908 _aN
909 _a103979
999 _c103975
_d103975